Writing history papers : (Record no. 186180)

000 -LEADER
fixed length control field 01005 a2200241 4500
003 - CONTROL NUMBER IDENTIFIER
control field NUST
005 - DATE AND TIME OF LATEST TRANSACTION
control field 20230127144257.0
010 ## - LIBRARY OF CONGRESS CONTROL NUMBER
LC control number 78066987
020 ## - INTERNATIONAL STANDARD BOOK NUMBER
International Standard Book Number 8130706202
040 ## - CATALOGING SOURCE
Transcribing agency Nust
082 00 - DEWEY DECIMAL CLASSIFICATION NUMBER
Classification number 907.219,BEN
100 1# - MAIN ENTRY--PERSONAL NAME
Personal name Bennett, James D.
9 (RLIN) 7422
245 10 - TITLE STATEMENT
Title Writing history papers :
Remainder of title an introduction /
Statement of responsibility, etc. James D. Bennett, Lowell H. Harrison.
260 ## - PUBLICATION, DISTRIBUTION, ETC.
Place of publication, distribution, etc. New delhi
Name of publisher, distributor, etc. cosmo
Date of publication, distribution, etc. c2007
300 ## - PHYSICAL DESCRIPTION
Extent 64 p. ;
Dimensions 29 cm.
490 0# - SERIES STATEMENT
Series statement The Forum series
505 ## - FORMATTED CONTENTS NOTE
Formatted contents note Introduction (Page-5), Selecting a Topic (Page-7), Bibliographical Aids (Page-9), Note Taking (Page-19), Writing your Paper (Page-23), Mechanics of Term Papers (Page-29), Footnotes (Page-37), Bibliography (Page-45), Exercises (Page-57), Index (Page-63).
650 #0 - SUBJECT ADDED ENTRY--TOPICAL TERM
Topical term or geographic name entry element Academic writing
General subdivision Handbooks, manuals, etc.
9 (RLIN) 7423
650 #0 - SUBJECT ADDED ENTRY--TOPICAL TERM
Topical term or geographic name entry element Historiography
General subdivision Handbooks, manuals, etc.
9 (RLIN) 7424
650 #0 - SUBJECT ADDED ENTRY--TOPICAL TERM
Topical term or geographic name entry element History
General subdivision Research
-- Handbooks, manuals, etc.
9 (RLIN) 7425
700 1# - ADDED ENTRY--PERSONAL NAME
Personal name Harrison, Lowell Hayes,
Dates associated with a name 1922-
9 (RLIN) 7426
942 ## - ADDED ENTRY ELEMENTS (KOHA)
Source of classification or shelving scheme
Koha item type Book
Call number prefix 907.219,BEN
Holdings
Withdrawn status Lost status Source of classification or shelving scheme Damaged status Not for loan Permanent Location Current Location Shelving location Date acquired Full call number Barcode Date last seen Price effective from Koha item type Public note
          Military College of Signals (MCS) Military College of Signals (MCS) General Stacks 12/12/2016 907.219,BEN MCS33597 12/08/2016 12/12/2016 Book Almirah No.75, Shelf No.4
          Military College of Signals (MCS) Military College of Signals (MCS) General Stacks 12/12/2016 907.219,BEN MCS33598 12/08/2016 12/12/2016 Book Almirah No.58, Shelf No.3
© 2023 Central Library, National University of Sciences and Technology. All Rights Reserved.